00877cam a2200241 a 45000010008000000030004000080050017000120080041000290100017000700400018000870430012001050500024001170820022001411000023001632450134001862600116003203000029004365000026004655000020004916500056005116510035005677000033006021483867OSt20170127090559.0870623s1985 kyua 001 0 eng  a 87150694  aDLCcDLCdDLC an-us-ky00aNA730.K42bB65 198500a720/.9769/4232191 aLangsam, Walter E.10aHistoric architecture of Bourbon County, Kentucky /cWalter E. Langsam, William Gus Johnson ; photographs by William Gus Johnson. a[Paris, Ky.?] :bHistoric Paris-Bourbon County, Inc. in conjunction with the Kentucky Heritage Council,cc1985. a320 p. :bill. ;c29 cm. aMap on lining-papers. aIncludes index. 0aArchitecturezKentuckyzBourbon CountyxGuidebooks. 0aBourbon County (Ky.)xHistory.1 aJohnson, William Gus,d1946-